[Event "CRO-Cup"]
[Site "Pula"]
[Date "1997.??.??"]
[Round "?"]
[White "Ruck, Robert"]
[Black "Kurajica, Bojan"]
[Result "1/2-1/2"]
[WhiteElo "2450"]
[BlackElo "2545"]

1.d4 Nf6 2.c4 e6 3.g3 Bb4+ 4.Bd2 Bxd2+ 5.Qxd2 O-O 6.Bg2 d5 7.Nf3 b6 8.O-O Bb7
9.cxd5 exd5 10.Nc3 Nc6 11.Rfd1 Qe7 12.Rac1 Rfd8 13.Nh4 g6 14.Qg5 Re8 15.Nf5 Qd8
16.Nh6+ Kg7 17.Nf5+ Kg8 18.Nh6+ Kg7 19.Nf5+ Kg8  1/2-1/2

[Event "EU-chT (Men)"]
[Site "Pula"]
[Date "1997.??.??"]
[Round "8"]
[White "Haba, Petr"]
[Black "Dizdarevic, Emir"]
[Result "0-1"]
[WhiteElo "2520"]
[BlackElo "2540"]

1.d4 Nf6 2.c4 e6 3.g3 Bb4+ 4.Nd2 d5 5.Nf3 Nc6 6.Qc2 dxc4 7.Qxc4 Qd5 8.Qxd5 exd5
9.Bg2 Ne4 10.a3 Nxd2 11.Bxd2 Bd6 12.Bf4 Bxf4 13.gxf4 Ne7 14.e3 c6 15.Ne5 Bf5
16.Kd2 Nc8 17.b3 Nd6 18.f3 f6 19.Nd3 Bxd3 20.Kxd3 f5 21.Rhc1 Kf7 22.Ke2 Rhe8
23.Kf2 Re6 24.Bf1 Rg8 25.h4 Rh6 26.Kg3 Re8 27.Re1 Ree6 28.Bd3 Rh5 29.a4 Rg6+
30.Kf2 Rxh4 31.Rh1 Rgh6 32.Rxh4 Rxh4 33.Kg3 Rh6 34.b4 Re6 35.Kf2 Re8 36.Re1 Ke6
37.Rh1 Rh8 38.b5 Kd7 39.Rc1 g6 40.Rc5 Rc8 41.bxc6+ bxc6 42.Ra5 Ra8 43.Rc5 Rb8
44.Ra5 Rb7 45.Ba6 Rb4 46.Be2 Nc8 47.e4 dxe4 48.fxe4 Rxd4 49.exf5 Rxf4+ 50.Kg3 g5
51.Bg4 Kc7 52.Re5 Nd6 53.Bh3 h5 54.a5 h4+ 55.Kh2 g4 56.Bg2 Nxf5 57.Re6 h3
58.Rxc6+ Kd7 59.Ra6 Rf2  0-1

[Event "Mechanics"]
[Site "San Francisco"]
[Date "1997.??.??"]
[Round "1"]
[White "Baburin, Alexander"]
[Black "Stein, Aleksander"]
[Result "1-0"]
[WhiteElo "2570"]
[BlackElo "2295"]

1.d4 Nf6 2.c4 e6 3.g3 Bb4+ 4.Bd2 Qe7 5.Bg2 Nc6 6.Nf3 Bxd2+ 7.Nbxd2 d6 8.O-O a5
9.e4 e5 10.d5 Nb8 11.Qc2 O-O 12.Ne1 Na6 13.Nd3 b6 14.b3 h5 15.a3 Nc5 16.Nb2 h4
17.b4 Ncd7 18.Nd3 hxg3 19.hxg3 Ng4 20.Bh3 Qg5 21.Kg2 f5 22.Rae1 Ndf6 23.f4 exf4
24.Nxf4 axb4 25.Nf3 Qh6 26.Rh1 fxe4 27.Bxg4 exf3+ 28.Bxf3 Qg5 29.axb4 Bf5
30.Qe2 Rae8 31.Ne6 Bxe6 32.dxe6 Re7 33.Qd3 Rfe8 34.Bc6 Rd8 35.Rh4 g6 36.Qd4 Rf8
37.Rf4 Nh7 38.Rxf8+ Nxf8 39.Bd5 c5 40.Qc3 b5 41.bxc5 dxc5 42.Rf1 Nxe6 43.Qf6 Qxf6
44.Rxf6 Kg7 45.Rxe6 Rxe6 46.Bxe6 Kf6 47.Bd5 Ke5 48.Kf3 Kd4 49.Bf7 b4 50.Bxg6 Kxc4
51.Ke3 Kb3 52.g4 c4 53.Bf7 Kc3 54.g5 b3 55.Be6  1-0

[Event "Seefeld op"]
[Site "Seefeld"]
[Date "1997.??.??"]
[Round "?"]
[White "Raetsky, Alexander"]
[Black "Schulz, Rainer"]
[Result "1-0"]
[WhiteElo "2405"]
[BlackElo "2280"]

1.d4 Nf6 2.c4 e6 3.g3 Bb4+ 4.Nd2 c5 5.dxc5 Bxc5 6.Bg2 Nc6 7.Ngf3 O-O 8.O-O Re8
9.a3 a5 10.Nb3 Bf8 11.Nbd4 h6 12.Nb5 d6 13.Qc2 e5 14.Rd1 Bg4 15.h3 Be6 16.e4 Qb8
17.Be3 Rc8 18.b3 Nd7 19.Rab1 Nc5 20.Nh4 a4 21.b4 Nb3 22.Bf1 g6 23.Nf3 Kh7
24.Kh2 b6 25.Nd2 Nbd4 26.Bxd4 exd4 27.f4 h5 28.Nf3 Bh6 29.Rbc1 h4 30.Nxh4 Kg7
31.Qf2  1-0

[Event "POL-ch"]
[Site "Sopot"]
[Date "1997.??.??"]
[Round "13"]
[White "Urban, Klaudiusz"]
[Black "Grabarczyk, Miroslaw"]
[Result "1/2-1/2"]
[WhiteElo "2490"]
[BlackElo "2480"]

1.d4 Nf6 2.c4 e6 3.g3 Bb4+ 4.Nd2 O-O 5.Bg2 d5 6.Nf3 c6 7.O-O Nbd7 8.Qc2 Be7
9.e4 b6 10.Ng5 h6 11.Nh3 dxe4 12.Nxe4 Bb7 13.Rd1 Nxe4 14.Qxe4 Rb8 15.Bf4 c5
16.Qe2 Bxg2 17.Kxg2 Rb7 18.d5 exd5 19.Rxd5 Qe8 20.Re1 Nf6 21.Re5 Qc6+ 22.Qf3 Qxf3+
23.Kxf3 Bd6 24.R5e3  1/2-1/2

[Event "White Nights op"]
[Site "St Petersburg"]
[Date "1997.??.??"]
[Round "?"]
[White "Kostometov, S."]
[Black "Savon, Vladimir A"]
[Result "1/2-1/2"]
[WhiteElo "2310"]
[BlackElo "2445"]

1.d4 Nf6 2.c4 e6 3.g3 Bb4+ 4.Bd2 Qe7 5.Bg2 Nc6 6.Nf3 Bxd2+ 7.Nbxd2 d6 8.O-O a5
9.e4 e5 10.d5 Nb8 11.Ne1 h5 12.h4 Nbd7 13.Nd3 Nc5 14.Qe2 Nxd3 15.Qxd3 O-O  1/2-1/2

[Event "Bodensee-Cup"]
[Site "Steckborn"]
[Date "1997.??.??"]
[Round "2"]
[White "Zueger, Beat"]
[Black "Zeller, Frank"]
[Result "0-1"]
[WhiteElo "2455"]
[BlackElo "2425"]

1.d4 Nf6 2.c4 e6 3.g3 Bb4+ 4.Bd2 Be7 5.Bg2 d5 6.Nf3 O-O 7.O-O c6 8.Qc2 Nbd7
9.Bg5 h6 10.Bxf6 Bxf6 11.Nbd2 b6 12.e4 Bb7 13.Rad1 Rc8 14.Rfe1 Qc7 15.b4 Qb8
16.e5 Be7 17.c5 a5 18.a3 Ba6 19.h4 Qb7 20.g4 axb4 21.axb4 Ra8 22.g5 Bb5 23.Qc3 Ra4
24.gxh6 gxh6 25.Kh1 Rfa8 26.Rg1 Kf8 27.Qe3 Rxb4 28.Qxh6+ Ke8 29.Bh3 Nf8 30.Rg8 Be2
31.Rdg1 Ra3 32.Bg4 bxc5 33.Bh5 Bxf3+ 34.Nxf3 Rxf3 35.Bxf3 Rxd4 36.R8g4 Qb2
37.Rxd4 Qxd4 38.Rg4 Qxf2 39.Bg2 Qe1+ 40.Kh2 Qxe5+ 41.Kg1 c4  0-1

[Event "Stockholm"]
[Site "Stockholm"]
[Date "1997.??.??"]
[Round "1"]
[White "Lyrberg, Patrik"]
[Black "Sjoberg, Mats"]
[Result "1/2-1/2"]
[WhiteElo "2430"]
[BlackElo "2420"]

1.d4 Nf6 2.c4 e6 3.g3 Bb4+ 4.Bd2 Bxd2+ 5.Qxd2 O-O 6.Bg2 d5 7.Nf3 Nbd7 8.O-O dxc4
9.Na3 e5 10.Nxc4 e4 11.Ng5 Re8 12.Qf4 Nb6 13.Nxb6 axb6 14.Nxe4 Qxd4 15.Nxf6+ Qxf6
16.Qxc7  1/2-1/2

[Event "Aktiv Alliancen-A"]
[Site "Taastrup"]
[Date "1997.??.??"]
[Round "2"]
[White "Nilssen, John Arni"]
[Black "Auchenberg, Per"]
[Result "1-0"]
[WhiteElo "2305"]
[BlackElo "2150"]

1.d4 Nf6 2.c4 e6 3.g3 Bb4+ 4.Bd2 c5 5.Bxb4 cxb4 6.a3 Nc6 7.Nf3 O-O 8.Bg2 d6
9.O-O Qb6 10.e3 e5 11.d5 Nb8 12.axb4 Qxb4 13.Na3 Bg4 14.Qd2 Qb6 15.Ne1 Na6
16.f3 Bf5 17.Nb5 Rfc8 18.Qe2 Bd7 19.Nc3 Nc5 20.Nd3 Nb3 21.Ra3 Rc7 22.Na4 Bxa4
23.Rxa4 a5 24.Kh1 Nd7 25.Nc1 Nbc5 26.Ra3 Re8 27.Bh3 a4 28.Na2 Nb8 29.Nc3 e4
30.f4 Nba6 31.Nxa4 Nxa4 32.Rxa4 Nc5 33.Ra3 Na6 34.Rfa1 Qb4 35.Ra4 Qc5 36.b3  1-0

[Event "Aktiv Alliancen-A"]
[Site "Taastrup"]
[Date "1997.??.??"]
[Round "4"]
[White "Nilssen, John Arni"]
[Black "Nilsson, Nils Specht"]
[Result "1-0"]
[WhiteElo "2305"]
[BlackElo "2225"]

1.d4 e6 2.c4 Nf6 3.g3 Bb4+ 4.Bd2 c5 5.Bxb4 cxb4 6.Nf3 O-O 7.Bg2 d6 8.Nbd2 Nc6
9.Nf1 e5 10.Ne3 Bg4 11.Nxg4 Nxg4 12.h3 Nh6 13.O-O Nf5 14.d5 Na5 15.Rc1 b6
16.e4 Ne7 17.Qa4 Nb7 18.Qxb4 Nc5 19.Ne1 f5 20.exf5 Nxf5 21.Qd2 a5 22.h4 Rf6
23.Rc3 Rg6 24.Nc2 Qf6 25.Rf3 e4 26.Rf4 Qe5 27.Re1 Rf8 28.Bxe4 Nxe4 29.Rexe4 Qxb2
30.a3 Qb3 31.Ne3 Nxe3 32.Rxe3 Qa4 33.Rxf8+ Kxf8 34.Qe2 Qd7 35.Qb2 Qd8 36.Qd4 h5
37.Qe4 Rh6 38.Qf5+ Kg8 39.Qg5 Qf8 40.Re7 Rf6 41.Qe3 Rf3 42.Qe6+ Kh7 43.Qe4+ Qf5
44.Qxf5+ Rxf5 45.Rb7 Rf3 46.Rxb6 Rc3 47.Rc6 a4 48.Rxd6 Rxc4 49.Ra6 Rd4 50.d6 Kg6
51.d7+ Kf5 52.Rxa4 Rxd7 53.Ra5+ Kg6 54.Rg5+ Kh6 55.a4 Rd1+ 56.Kg2 Ra1 57.a5 Ra3
58.Rb5 g6 59.Rc5 Ra2 60.Kf3 Ra3+ 61.Kf4 Ra2 62.Ke3 Ra3+ 63.Ke4 Ra4+ 64.Kd5 Ra2
65.Kc6 Rxf2 66.a6 Ra2 67.Kb6  1-0

[Event "ROM-chT"]
[Site "Tusnad"]
[Date "1997.??.??"]
[Round "?"]
[White "Olarasu, Gabriela"]
[Black "Iosif, Cristina S"]
[Result "1/2-1/2"]
[WhiteElo "2305"]
[BlackElo "2195"]

1.d4 Nf6 2.c4 e6 3.g3 Bb4+ 4.Bd2 Qe7 5.Bg2 Nc6 6.Nf3 Ne4 7.O-O Nxd2 8.Nbxd2 Bxd2
9.Qxd2 d6 10.b4 O-O 11.Rac1 a5 12.b5 Nd8 13.c5 Bd7 14.a4 f6 15.Rfd1 Be8 16.cxd6 Qxd6
17.Rc4 Rf7 18.e4 c6 19.b6 Qa3 20.Qc2 Ra6 21.Rb1 Rd7 22.Rc3 Qe7 23.Bf1 Ra8
24.Rc4 Bg6 25.Nh4 e5 26.Nxg6 hxg6 27.dxe5 Qxe5 28.f4 Qe8 29.Rd1 Rxd1 30.Qxd1 Nf7
31.Rd4 Rd8 32.Bc4 Kf8 33.Bxf7 Rxd4 34.Qxd4 Kxf7 35.e5 g5 36.Qd6 gxf4 37.gxf4 fxe5
38.fxe5 Qe6 39.Qc7+ Qe7 40.Kg2 Ke6 41.Qb8 Qg5+ 42.Kf3 Qf5+ 43.Kg2 Qc2+ 44.Kf3 Qb3+
45.Kg2 Qc2+  1/2-1/2

[Event "Clarin GP op"]
[Site "Villa Martelli"]
[Date "1997.??.??"]
[Round "8"]
[White "Soppe, Guillermo"]
[Black "Zarnicki, Pablo"]
[Result "1/2-1/2"]
[WhiteElo "2440"]
[BlackElo "2550"]

1.d4 Nf6 2.c4 e6 3.g3 Bb4+ 4.Bd2 Be7 5.Bg2 d5 6.Nf3 O-O 7.Qc2 c6 8.O-O b6
9.Bf4 Bb7 10.Nbd2 Na6 11.Rad1 Rc8 12.e4 c5 13.exd5 exd5 14.Qb1 dxc4 15.dxc5 Rxc5
16.Rfe1 Nb4 17.Nxc4 Nbd5 18.Rxe7 Qxe7 19.Bd6 Qe2 20.Bxc5 bxc5 21.Nfe5 Qh5  1/2-1/2

[Event "Oberliga Wuert9697"]
[Site "Wuerttemberg"]
[Date "1997.??.??"]
[Round "?"]
[White "Steckner, Johannes"]
[Black "Holzhaeuer, Mathias"]
[Result "1/2-1/2"]
[WhiteElo "2255"]
[BlackElo "2360"]

1.d4 Nf6 2.c4 e6 3.g3 Bb4+ 4.Bd2 Qe7 5.Bg2 Nc6 6.e3 Bxd2+ 7.Qxd2 e5 8.d5 Nb8
9.d6 Qxd6 10.Qxd6 cxd6 11.Nc3 Nc6 12.Nb5 Ke7 13.O-O-O Ne8 14.Ne2 a6 15.Nbc3 Nf6
16.Rd2 b5 17.cxb5 axb5 18.Nxb5 Rxa2 19.Kb1 Ra5 20.Nxd6 g6 21.Rc1 Ba6 22.Bxc6 Bxe2
23.Bg2 Ba6 24.Rc7 Rb8 25.Ne4 Rd5 26.Rxd5  1/2-1/2

[Event "Weihnachts op-M 21th"]
[Site "Zuerich"]
[Date "1997.??.??"]
[Round "?"]
[White "Benz, Rolf"]
[Black "Kranz, Armin"]
[Result "0-1"]
[WhiteElo "2140"]
[BlackElo "2110"]

1.d4 Nf6 2.c4 e6 3.g3 Bb4+ 4.Bd2 Qe7 5.Bg2 O-O 6.Nc3 c6 7.a3 Ba5 8.Nf3 d5
9.b3 Nbd7 10.O-O Bc7 11.Bf4 Nb6 12.Bxc7 Qxc7 13.Qd3 Qe7 14.Ne5 Nfd7 15.f4 Rb8
16.Nf3 Rd8 17.Ng5 Nf8 18.e4 dxc4 19.bxc4 e5 20.d5 Qc5+ 21.Rf2 Nxc4 22.Bf1 b5
23.Qf3 f6 24.Bxc4 bxc4 25.fxe5 fxg5 26.e6 Ng6 27.Qf7+ Kh8 28.Qc7 Ba6 29.Na4 Qd4
30.Rf1 cxd5 31.exd5 c3 32.Qxc3 Qxc3 33.Nxc3 Bxf1 34.Rxf1 Rb3 35.Ne4 Re3 36.d6 Rxe4
37.e7  0-1

[Event "AUT-chT2S 9798"]
[Site "Austria"]
[Date "1998.02.08"]
[Round "8"]
[White "Riedner, Martin"]
[Black "Thaler, Heimo"]
[Result "1/2-1/2"]
[WhiteElo "2200"]
[BlackElo "2170"]

1.d4 Nf6 2.c4 e6 3.g3 Bb4+ 4.Bd2 Qe7 5.Nf3 b6 6.Bg2 Bb7 7.O-O Bxd2 8.Qxd2 O-O
9.Nc3 Ne4 10.Qc2 Nxc3 11.Qxc3 d6 12.Rac1 Nd7  1/2-1/2

[Event "New York op"]
[Site "New York"]
[Date "1998.03.21"]
[Round "8"]
[White "Lputian, Smbat G"]
[Black "Sulskis, Sarunas"]
[Result "1-0"]
[WhiteElo "2610"]
[BlackElo "2485"]

1.d4 Nf6 2.c4 e6 3.g3 Bb4+ 4.Bd2 Be7 5.Bg2 d5 6.Nf3 O-O 7.O-O c6 8.b3 b5
9.c5 a5 10.Ne5 Nfd7 11.Nd3 e5 12.dxe5 Na6 13.Be3 Ndxc5 14.Bxc5 Nxc5 15.Nd2 Qb6
16.Nxc5 Bxc5 17.Qc2 Bd7 18.Nf3 Be7 19.Rfd1 a4 20.Rac1 axb3 21.axb3 Ra6 22.e4 Rfa8
23.Qe2 Ra2 24.Rc2 Rxc2 25.Qxc2 Be6 26.Nd4 Bg4 27.Bf3 Qxd4 28.Rxd4 Bxf3 29.Rd1 Rd8
30.Ra1 dxe4 31.Qxc6 b4 32.e6 fxe6 33.Qxe6+ Kf8 34.Qf5+ Kg8 35.Ra8 Rxa8 36.Qd5+ Kf8
37.Qxa8+ Kf7 38.Qd5+ Kf6 39.Qc6+ Kf7 40.Qd5+ Kf6 41.Qd4+ Kf7 42.h3 h5 43.Qe5 g6
44.Kf1 Bf8 45.Ke1 Bg2 46.Qd5+ Kf6 47.Qd8+ Kf7 48.Qd7+ Kf6 49.Qc8 Kf7 50.Ke2 Bf3+
51.Ke3 Bh6+ 52.Kd4 Bg7+ 53.Kc5 Bc3 54.Kd6 Kg7 55.Ke7 Bd4 56.Qf8+  1-0

[Event "Dreifluesse op"]
[Site "Passau"]
[Date "1998.04.10"]
[Round "1"]
[White "Jauernig, Udo"]
[Black "Meyer, Joerg Dieter"]
[Result "1-0"]
[WhiteElo "2245"]
[BlackElo "1874"]

1.d4 Nf6 2.c4 e6 3.g3 Bb4+ 4.Bd2 Qe7 5.Bg2 Bxd2+ 6.Qxd2 d6 7.Nc3 Nc6 8.Nf3 e5
9.d5 Nb8 10.e4 a5 11.O-O Na6 12.b3 Nc5 13.Ne1 O-O 14.Nc2 Bd7 15.Ne3 g6 16.Qc2 h5
17.h3 Rfe8 18.Rae1 Ra6 19.Ned1 h4 20.g4 Nh7 21.Nb2 g5 22.Rb1 Nf8 23.a3 b6
24.b4 Nb7 25.Nd3 Raa8 26.Rfc1 Rec8 27.Ne2 axb4 28.axb4 Ba4 29.Qc3 Bd7 30.Ra1 Be8
31.Bf3 Nd7 32.Qb2 f6 33.Nc3 Bg6 34.Nb5 Qh7 35.Qe2 Nf8 36.c5 Be8 37.Na7 Rd8
38.Nc6 Rdc8 39.Na7 Rcb8 40.cxb6 cxb6 41.Nc6 Rc8 42.Ra2 Ng6 43.Rac2 Bd7 44.Qe3 Ra3
45.Rc3 Rxc3 46.Rxc3 Bxc6 47.Rxc6 Ra8 48.Qxb6 Rd8 49.Rc7 Rd7 50.Rc8+ Kg7 51.Bd1 Nf8
52.f3 Ng6 53.Ba4 Rf7 54.Rb8 Kh6 55.Bc6  1-0

[Event "Dreifluesse op"]
[Site "Passau"]
[Date "1998.04.11"]
[Round "4"]
[White "Hackel, Ludek"]
[Black "Wrtal, Axel"]
[Result "1/2-1/2"]
[WhiteElo "2195"]
[BlackElo "2045"]

1.d4 Nf6 2.c4 e6 3.g3 Bb4+ 4.Bd2 Qe7 5.Bg2 Nc6 6.Nf3 Bxd2+ 7.Nbxd2 d6 8.e4 e5
9.d5 Nb8 10.O-O O-O 11.h3 a5 12.b3 Na6 13.a3 c6 14.b4 Bd7 15.Qb3 axb4 16.axb4 Nc7
17.Rfc1 Rfc8 18.Ne1 h6 19.Nd3 b6 20.dxc6 Bxc6 21.b5 Bb7 22.Nb4 Ne6 23.Nd5 Bxd5
24.cxd5 Rxc1+ 25.Rxc1 Nc5 26.Qc3 Qa7 27.f4  1/2-1/2

[Event "Porto Carras op"]
[Site "Porto Carras"]
[Date "1998.04.11"]
[Round "?"]
[White "Nikolaidis, Ioannis"]
[Black "Nenashev, Alexander"]
[Result "1/2-1/2"]
[WhiteElo "2490"]
[BlackElo "2625"]

1.d4 Nf6 2.c4 e6 3.g3 Bb4+ 4.Bd2 Be7 5.Bg2 d5 6.Nf3 O-O 7.O-O c6 8.Qb3 Nbd7
9.Bf4 Nh5 10.Nc3 Nxf4 11.gxf4 Qb6 12.Rab1 Nf6 13.e3 Rd8 14.Qc2 dxc4 15.Ne5 Qa6
16.Qe2 c5 17.dxc5 Bxc5 18.Nxc4 Bb4  1/2-1/2

[Event "Stockholm Elo"]
[Site "Stockholm"]
[Date "1998.06.10"]
[Round "5"]
[White "Sandstrom, Ludvig"]
[Black "Andersson, Mats"]
[Result "1/2-1/2"]
[WhiteElo "2325"]
[BlackElo "2320"]

1.d4 Nf6 2.c4 e6 3.g3 Bb4+ 4.Bd2 Bxd2+ 5.Qxd2 d5 6.Bg2 O-O 7.Nf3 Nbd7 8.O-O c6
9.Qd3 Qe7 10.Nc3 dxc4 11.Qxc4 e5 12.dxe5  1/2-1/2

[Event "White Nights"]
[Site "St Petersburg"]
[Date "1998.06.20"]
[Round "1"]
[White "Samuelsson, Sven Gunnar"]
[Black "Petrov, Anton"]
[Result "1/2-1/2"]
[WhiteElo "2230"]
[BlackElo "2360"]

1.d4 Nf6 2.c4 e6 3.g3 Bb4+ 4.Bd2 Qe7 5.Bg2 O-O 6.Nf3 Bxd2+ 7.Qxd2 d6 8.Nc3 c5
9.Rd1 b6 10.O-O Bb7 11.dxc5 dxc5 12.Qd6 Qxd6 13.Rxd6 Nc6 14.Rfd1 Rfd8 15.Rxd8+ Rxd8
16.Rxd8+ Nxd8 17.Ne5 Ba6 18.f4 Kf8 19.b3 Ke7 20.Kf2 Nd7 21.Nc6+ Nxc6 22.Bxc6 Nb8
23.Bf3 Kd7 24.Ke3 Nc6 25.Kd2 Bb7 26.e3  1/2-1/2

[Event "White Nights op"]
[Site "St Petersburg"]
[Date "1998.06.21"]
[Round "2"]
[White "Ignatiev, Alexander"]
[Black "Yemelin, Vasily"]
[Result "1/2-1/2"]
[WhiteElo "2315"]
[BlackElo "2485"]

1.d4 Nf6 2.c4 e6 3.g3 Bb4+ 4.Bd2 c5 5.Bxb4 cxb4 6.Bg2 O-O 7.Nf3 a5 8.O-O d6
9.a3 Na6 10.Nbd2 Re8 11.Qc2 e5 12.Rfd1 e4 13.Ng5 e3 14.fxe3 h6 15.Nh3 Bxh3
16.Bxh3 Rxe3 17.Nf1 Re7 18.Bg2 Qb6 19.Bf3 Rc8 20.Qd3 Rce8 21.Qf5 Ne4 22.axb4 Qxb4
23.Qb5 Qxb5 24.cxb5 Nb4 25.Rxa5 Ng5 26.Ra7 Nxf3+ 27.exf3 Rc8 28.Rd2 Nd5 29.Kf2 Rc4
30.Re2 Rec7 31.Ne3 Nxe3 32.Rxe3 Rb4 33.Ra8+ Kh7 34.Rd8 Rxb5 35.Rxd6 Rxb2+
36.Re2 Rb3 37.Rd2 Rcc3 38.f4 Rf3+ 39.Kg2 h5 40.Rd5 g6 41.Rd7 Kg7 42.Re2 h4
43.Ree7 h3+ 44.Kxh3 Rxf4 45.Rxb7 Rxb7  1/2-1/2

[Event "SVK-ch"]
[Site "Prievidza"]
[Date "1998.06.27"]
[Round "1.35"]
[White "Csala, Jan"]
[Black "Vacek, Ondrej"]
[Result "1/2-1/2"]
[WhiteElo "2215"]
[BlackElo "1959"]

1.d4 Nf6 2.c4 e6 3.g3 Bb4+ 4.Bd2 Be7 5.Bg2 d5 6.Nf3 O-O 7.Qc2 c6 8.O-O Nbd7
9.b3 Ne4 10.Nc3 Nxd2 11.Qxd2 b6 12.Rfd1 Ba6 13.cxd5 cxd5 14.a3 Rc8 15.Rdc1 Bf6
16.e3 Nb8 17.Ra2 Nc6 18.Rac2 Na5 19.Rb2 Be7 20.Nb1 Rxc1+ 21.Qxc1 Bd3 22.Bf1 Bxf1
23.Kxf1 Qd7 24.Nbd2 Qb7 25.Rc2 Bd6 26.Kg1 b5 27.b4 Nc4 28.Nb3 Qd7 29.Nfd2 f6
30.Nc5 Bxc5 31.bxc5 Qc6 32.Nxc4 dxc4 33.Qb1 e5 34.a4 a6 35.axb5 axb5 36.Ra2 exd4
37.exd4 Rd8 38.Ra5 Rxd4 39.Rxb5 Rd8 40.Rb8 Rxb8 41.Qxb8+ Kf7 42.Qb6 Qxb6
43.cxb6 c3 44.b7 c2 45.b8=Q c1=Q+ 46.Kg2 Qc6+ 47.f3 Qc2+ 48.Kh3 Qf5+ 49.Kg2  1/2-1/2

[Event "Lost Boys op"]
[Site "Antwerp"]
[Date "1998.07.03"]
[Round "4"]
[White "Mikhalevski, Victor"]
[Black "Janssen, Ruud"]
[Result "1-0"]
[WhiteElo "2545"]
[BlackElo "2290"]

1.d4 Nf6 2.c4 e6 3.g3 Bb4+ 4.Nd2 c5 5.a3 Bxd2+ 6.Qxd2 cxd4 7.Nf3 Nc6 8.Nxd4 Na5
9.Qb4 d5 10.e4 Nxe4 11.cxd5 exd5 12.Bb5+ Bd7 13.f3 Nf6 14.O-O Bc6 15.Bd2 Qb6
16.Rfe1+ Kd7 17.Re7+ Kd8 18.Qd6+ Kc8 19.Bxa5  1-0

[Event "Politiken Cup"]
[Site "Copenhagen"]
[Date "1998.07.07"]
[Round "4"]
[White "Lyrberg, Patrik"]
[Black "Christensen, Stefan"]
[Result "1-0"]
[WhiteElo "2430"]
[BlackElo "2220"]

1.d4 Nf6 2.c4 e6 3.g3 Bb4+ 4.Bd2 Qe7 5.Bg2 Bxd2+ 6.Qxd2 d6 7.Nc3 O-O 8.Nf3 e5
9.O-O Re8 10.Qc2 Nbd7 11.b4 a6 12.e3 Nf8 13.Nd2 Ne6 14.dxe5 dxe5 15.Nd5 Nxd5
16.cxd5 Nf8 17.Rfc1 Qxb4 18.Rab1 Qa3 19.Rb3 Qa4 20.Ne4 Bf5 21.Rxb7 Qxc2 22.Rxc2 Rec8
23.Rbxc7 Rxc7 24.Rxc7 Rb8 25.Nc3 Rb2 26.h3 Rc2 27.g4 Bd7 28.Be4 Rc1+ 29.Kg2 g6
30.d6 Ne6 31.Rxd7 Rxc3 32.Bd5 Rd3 33.Bxe6 fxe6 34.Kf3 Rd5 35.g5 e4+ 36.Kxe4 Rxg5
37.Re7 Kf8 38.Rxe6 Ra5 39.d7  1-0

[Event "Vlissingen HZ op"]
[Site "Vlissingen"]
[Date "1998.07.15"]
[Round "5"]
[White "Mikhalevski, Victor"]
[Black "Ikonnikov, Vyacheslav"]
[Result "1-0"]
[WhiteElo "2540"]
[BlackElo "2555"]

1.d4 Nf6 2.c4 e6 3.g3 Bb4+ 4.Nd2 d5 5.Bg2 O-O 6.Nf3 Nbd7 7.O-O c6 8.Qc2 Be7
9.e4 b6 10.Ng5 h6 11.Nh3 dxe4 12.Nxe4 Bb7 13.Nc3 Bd6 14.Be3 Qc7 15.Rab1 e5
16.b4 exd4 17.Bxd4 a6 18.Na4 Be5 19.Be3 b5 20.Nc5 Nxc5 21.Bxc5 Rfd8 22.a4 bxa4
23.Qxa4 Nd7 24.Be3 c5 25.Bxb7 Qxb7 26.bxc5 Qc8 27.c6 Nb8 28.Bb6 Re8 29.c7 Nd7
30.c5 Bxc7 31.Rfc1 Bxb6 32.cxb6 Nxb6 33.Rxc8 Nxa4 34.Rc4  1-0

[Event "MK Cafe Cup-A"]
[Site "Koszalin"]
[Date "1998.08.12"]
[Round "10"]
[White "Gleizerov, Evgeny"]
[Black "Gipslis, Aivars"]
[Result "1/2-1/2"]
[WhiteElo "2535"]
[BlackElo "2450"]

1.d4 Nf6 2.c4 e6 3.g3 Bb4+ 4.Bd2 Qe7 5.Bg2 Nc6 6.Nf3 Bxd2+ 7.Nbxd2 d6 8.Nf1 e5
9.Ne3 O-O 10.O-O a5 11.Rc1 Re8 12.Re1 Bg4  1/2-1/2

[Event "Asia-ch"]
[Site "Teheran"]
[Date "1998.08.18"]
[Round "4"]
[White "Ghorbani, Mohsen"]
[Black "Zagrebelny, Sergey"]
[Result "0-1"]
[WhiteElo "2430"]
[BlackElo "2480"]

1.d4 Nf6 2.c4 e6 3.g3 Bb4+ 4.Bd2 Qe7 5.Bg2 Bxd2+ 6.Nxd2 d6 7.Ngf3 e5 8.e4 O-O
9.O-O a5 10.Qc2 Bg4 11.Rfe1 Nfd7 12.h3 Bxf3 13.Nxf3 a4 14.Rad1 a3 15.b3 c5
16.dxe5 dxe5 17.Nh4 g6 18.Qc1 Rd8 19.Qh6 Nc6 20.f4 Nd4 21.Nf3 Ra6 22.Nxd4 cxd4
23.Rf1 Rd6 24.h4 d3 25.Qg5 f6 26.Qg4 Kg7 27.Rd2 Rd4 28.f5 b6 29.fxg6 hxg6
30.h5 Nf8 31.hxg6 Ne6 32.Rfd1 Ng5 33.Qf5 Qc5 34.Kf1 Qd6 35.Re1 Qb4 36.Red1 Qe7
37.Kg1 Qe8 38.Kf2 Qc6 39.Re1 Qc5 40.Kf1 Qb4 41.Red1 R8d7 42.Bf3 b5 43.cxb5 Qxb5
44.Rc1 Qb4 45.Rcd1 Qd6 46.Rh2 Rd8 47.Qg4 Rh8 48.Rxh8 Kxh8 49.Rd2 Kg8 50.Qh5 Qc7
51.Rh2 Qg7 52.Rd2 Rd8 53.b4 Qc7 54.Bd1 Qg7 55.Rh2 Rd4 56.Qg4 Rd8 57.Qf5 d2
58.b5 Qe7 59.b6 Kg7 60.Rf2 Rd6 61.Qc8 Rd8 62.Qc4 Qd7 63.Rh2 Kxg6 64.Qe2 Kg7
65.Qc4 Rc8 66.Qb3 Rc1  0-1

[Event "EUCup Gr2"]
[Site "Bonnevoie"]
[Date "1998.09.14"]
[Round "3"]
[White "Golod, Vitali"]
[Black "Chuchelov, Vladimir"]
[Result "1/2-1/2"]
[WhiteElo "2555"]
[BlackElo "2540"]

1.d4 Nf6 2.c4 e6 3.g3 Bb4+ 4.Bd2 Be7 5.Bg2 d5 6.Nf3 O-O 7.O-O c6 8.Qc2 b6
9.Bg5 Bb7 10.Nbd2 h6 11.Bxf6 Bxf6 12.Rad1 Na6 13.a3 c5 14.cxd5 exd5 15.dxc5 Nxc5
16.Nb3 Qe7 17.Nbd4 Rfe8 18.Rfe1 a5 19.e3 g6 20.Nb5 Red8 21.Nfd4 Kg7 22.Rc1 a4
23.Qb1 Qd7 24.Bf1 Ba6 25.Rc2 h5 26.Rd1 h4 27.b4 axb3 28.Nxb3 hxg3 29.hxg3 Bxb5
30.Nxc5 bxc5 31.Qxb5 Qxb5 32.Bxb5 c4 33.a4 c3 34.f4 Rac8 35.Kf2 Rc5 36.Ke2 Rh8
37.Kd3 Rh3 38.Rg2 Kf8 39.Rb1 Ke7 40.a5 Rh8 41.a6 Rb8 42.a7 Ra8 43.Ra2 Rc7
44.Rba1 c2 45.Rc1 Rcxa7  1/2-1/2

[Event "Olympic team-Beersheva"]
[Site "Vingeit"]
[Date "1998.09.19"]
[Round "2"]
[White "Golod, Vitali"]
[Black "Kosashvili, Yona"]
[Result "0-1"]
[WhiteElo "2555"]
[BlackElo "2580"]

1.d4 Nf6 2.c4 e6 3.g3 Bb4+ 4.Nd2 d5 5.Bg2 O-O 6.Nf3 b6 7.O-O Bb7 8.Qc2 Nbd7
9.e4 dxe4 10.Ng5 Bxd2 11.Bxd2 c5 12.dxc5 Nxc5 13.Bb4 Qd4 14.Bxc5 bxc5 15.Rfe1 Rab8
16.Rad1 Qe5 17.f4 Qf5 18.b3 Rbd8 19.Rxd8 Rxd8 20.Nxe4 Kf8 21.Qe2 Bxe4 22.Bxe4 Nxe4
23.Qxe4 Qxe4 24.Rxe4 Rd1+ 25.Kf2 Rd2+ 26.Re2 Rxe2+ 27.Kxe2 Ke7 28.Kd3 a5
29.g4 f6 30.a3 Kd6 31.Kc3 Kc7 32.Kd3 g6 33.Kc3 Kd6 34.h3 f5 35.gxf5 gxf5
36.b4 cxb4+ 37.axb4 a4 38.b5 e5 39.fxe5+ Kxe5 40.Kb4 Kd6 41.c5+ Kc7 42.Kxa4 f4  0-1

[Event "Budapest FS10 GM"]
[Site "Budapest"]
[Date "1998.10.09"]
[Round "7"]
[White "Hoffmann, Michael"]
[Black "Horvath, Adam"]
[Result "1/2-1/2"]
[WhiteElo "2440"]
[BlackElo "2455"]

1.d4 Nf6 2.c4 e6 3.g3 Bb4+ 4.Bd2 Qe7 5.Bg2 Nc6 6.Nf3 Bxd2+ 7.Nbxd2 d6 8.e4 a5
9.O-O e5 10.d5 Nb8 11.Ne1 h5 12.h3 h4 13.g4 O-O 14.Nd3 Nfd7 15.b3 Na6 16.a3 Ndc5
17.Nb2 Bd7 18.Qc2 c6 19.Qc3 cxd5 20.exd5 f5 21.b4 fxg4 22.bxc5 gxh3 23.Be4 Qg5+
24.Kh1 Nxc5 25.Rg1 Bg4 26.Qxh3 Bxh3 27.Rxg5 Rxf2 28.Rag1 Rxd2 29.Rxg7+ Kf8
30.Rg8+ Kf7 31.R1g7+ Kf6 32.Rg6+ Kf7  1/2-1/2

[Event "NRW Sportland Cup Masters"]
[Site "Senden"]
[Date "1998.10.16"]
[Round "9"]
[White "Raetsky, Alexander"]
[Black "Gipslis, Aivars"]
[Result "1/2-1/2"]
[WhiteElo "2440"]
[BlackElo "2450"]

1.d4 Nf6 2.c4 e6 3.g3 Bb4+ 4.Nd2 d5 5.Bg2 O-O 6.Nf3 dxc4 7.O-O b5 8.a4 c6
9.Qc2 a5 10.b3 cxb3 11.Nxb3 bxa4 12.Rxa4 Ba6 13.Bg5 Bb5 14.Ra2 h6 15.Bxf6 Qxf6
16.Ne5 Rd8 17.Rb1 a4 18.Nc5 Rxd4 19.Ncd3 Bd6 20.Rxb5 cxb5 21.Qc8+ Kh7 22.Bxa8 Bxe5
23.Qe8 Rd8 24.Qxb5 Bd6 25.Rxa4 Nd7 26.Be4+ Kg8 27.Ra7 Ne5 28.Nxe5  1/2-1/2

[Event "GER-ch"]
[Site "Bremen"]
[Date "1998.11.07"]
[Round "2"]
[White "Tabatt, Hendrik"]
[Black "Lehmann, Karl Heinz"]
[Result "0-1"]
[WhiteElo "2010"]
[BlackElo "2325"]

1.d4 Nf6 2.c4 e6 3.g3 Bb4+ 4.Bd2 Qe7 5.Bg2 O-O 6.Nf3 a5 7.O-O Bxd2 8.Nbxd2 d6
9.e4 e5 10.Re1 Nbd7 11.h3 g6 12.g4 Ne8 13.Nf1 Ng7 14.Ng3 Ne6 15.Qd2 Nf4 16.Ne2 Nxe2+
17.Rxe2 b6 18.b3 Bb7 19.Rd1 Rad8 20.Qb2 Rfe8 21.a3 f6 22.b4 axb4 23.axb4 Ra8
24.d5 Qf8 25.Rc2 Ra4 26.Ra1 Rea8 27.Rxa4 Rxa4 28.Ne1 Qa8 29.Nd3 Ra3 30.Bf1 Qa4
31.Rc3 Ra1 32.c5 Ba6 33.c6 Nb8 34.Nc1 Bxf1 35.Kxf1 Na6 36.Kg2 Nxb4 37.Rc4 Qa5
38.Nb3 Ra2 39.Qb1 Qa3 40.Rxb4 Rb2 41.Ra4 Qxb3 42.Ra8+ Kg7 43.Qc1 Rc2 44.Qe1 Qc4
45.Rc8 Re2 46.Rxc7+ Kh6 47.g5+ fxg5 48.Qb1 Qd4 49.Rf7 Rxe4 50.Qa2 Re1 51.Qb3 Qa1
52.c7 e4 53.h4 Rg1+ 54.Kh3 Qf1+  0-1